| 000 -ლიდერი |
| ფიქსირებული სიგრძის საკონტროლო ველი |
01998nam a2200277Ia 4500 |
| 001 - საკონტროლო ნომერი |
| საკონტროლო ველი |
12328 |
| 003 - საკონტროლო ნომრის იდენტიფიკატორი |
| საკონტროლო ველი |
GE_BSU |
| 005 - ბოლო ოპერაციის თარიღი და დრო |
| საკონტროლო ველი |
20250214111153.0 |
| 008 - ფიქსირებული სიგრძის მონაცემთა ელემენტები - ზოგადი ინფორმაცია |
| ფიქსირებული სიგრძის საკონტროლო ველი |
181216s2014||||geo|||||||||||||| ||ge || |
| 020 ## - წიგნის საერთაშორისო სტანდარტული ნომერი |
| International Standard Book Number |
9789941217487 |
| 040 ## - კატალოგიზაციის წყარო |
| Transcribing agency |
GE_BSU |
| 041 ## - ენის კოდი |
| Language code of text/sound track or separate title |
geo |
| 080 ## - უნივერსალური ათობითი კლასიფიკაციის ინდექსი |
| Universal Decimal Classification number |
27-36 წ-714 |
| 245 ## - ცნობა სათაურის შესახებ |
| Title |
წმინდა გრიგოლ ღვთისმეტყველი; წმინდა გრიგოლ ნოსელი; წმინდა გრიგოლ ნეოკესარიელი / |
| Statement of responsibility, etc |
შემდგენელი სოფიო თავაძე; გარეკანის დიზაინი ეთერ გზირიშვილი. |
| 264 ## - წარმოების, გამოცემის, დისტრიბუციის და სხვა ცნობები |
| გამოცემის, წარმოების, დისტრიბუციის... ადგილი |
თბილისი : |
| გამოცემის, წარმოების, დისტრიბუციის... სახელწოდება |
პალიტრა L, |
| გამოცემის, წარმოების, დისტრიბუციის... თარიღი |
2014. |
| 300 ## - ფიზიკური აღწერა |
| Extent |
224 გვ. ; |
| Dimensions |
20 სმ. |
| 490 ## - სერიის ცნობა |
| Series statement |
საქართველოს იმედი II : ყველა წმინდანი, რომელთა შესახებაც უნდა იცოდე, 2298-0547 / პროექტის რედაქტორი თამარ მამაცაშვილი ; |
| Volume number/sequential designation |
წ. 5 |
| 500 ## - ზოგადი შენიშვნა |
| General note |
იბეჭდება სრულიად საქართველოს კათოლიკოს-პატრიარქის, უწმინდესისა და უნეტარესის ილია II-ის ლოცვა-კურთხევით |
| 504 ## - BIBLIOGRAPHY, ETC. NOTE |
| Bibliography, etc |
ბიბლიოგრ. : გვ. 220-221 |
| 653 ## - INDEX TERM--UNCONTROLLED |
| Uncontrolled term |
წმინდა გრიგოლ ღვთისმეტყველი |
| 653 ## - INDEX TERM--UNCONTROLLED |
| Uncontrolled term |
წმინდა გრიგოლ ნოსელი |
| 653 ## - INDEX TERM--UNCONTROLLED |
| Uncontrolled term |
წმინდა გრიგოლ ნეოკესარიელი |
| 700 ## - ADDED ENTRY--PERSONAL NAME |
| Personal name |
მამაცაშვილი, თამარ |
| Relator term |
პროექტის რედაქტორი |
| 9 (RLIN) |
22683 |
| 700 ## - ADDED ENTRY--PERSONAL NAME |
| Personal name |
გზირიშვილი, ეთერ |
| Relator term |
გარეკანის დიზაინერი |
| 9 (RLIN) |
22684 |
| 942 ## - ADDED ENTRY ELEMENTS (KOHA) |
| Koha item type |
წიგნი |
| Source of classification or shelving scheme |
|